[Event "GER-chT U10"]
[Site "Magdeburg"]
[Date "2012.12.29"]
[Round "6.1"]
[White "Neumann, Tina"]
[Black "Rei, Marcel"]
[Result "1/2-1/2"]
[WhiteElo "1032"]
[BlackElo "848"]
[PlyCount "45"]
[EventDate "2012.12.27"]
[EventType "team-swiss"]
[EventRounds "7"]
[EventCountry "GER"]
[SourceTitle "EXT 2014"]
[Source "ChessBase"]
[SourceDate "2013.11.20"]
[SourceVersion "1"]
[SourceVersionDate "2013.11.20"]
[SourceQuality "1"]
[WhiteTeam "Meuselwitz"]
[BlackTeam "Paderborn Blauer Springer II"]
[WhiteTeamCountry "GER"]
[BlackTeamCountry "GER"]

1. e4 c5 2. Nf3 Nc6 3. Bc4 Nf6 4. d3 e6 5. c3 d5 6. exd5 exd5 7. Bb3 Bd6 8. Nbd2 Bf5 9. Bc2 Qe7+ 10. Qe2 Qxe2+ 11. Kxe2 0-0 12. Rd1 Rae8+ 13. Kf1 c4 14. Nb1 cxd3 15. Bxd3 Bxd3+ 16. Rxd3 b5 17. b4 a5 18. a3 Re7 19. Bg5 Rfe8 20. Bxf6 gxf6 21. Rxd5 Bxh2 22. Nbd2 Ne5 23. Nxh2 1/2-1/2